Missing Word: NBC Shows (1990s) Quiz Stats

 Plays Quiz Updated Oct 14, 2016

Challenge
Share
Tweet
Embed
Score 0/24 Timer 02:00
0 Plays Today
Television Series Missing Word % Correct
The Fresh Prince of _____ AirBel
97%
3rd _____ From the SunRock
94.9%
Will & _____Grace
93.2%
The _____ WingWest
87.2%
Late Night with _____ O'BrienConan
87.2%
Law & Order: Special _____ UnitVictims
86.3%
Brotherly _____Love
81.4%
_____ and GeeksFreaks
73%
_____ About YouMad
69.6%
Saved by the Bell: The _____ YearsCollege
58.6%
Just _____ MeShoot
58.3%
Veronica's _____Closet
54.5%
Television Series Missing Word % Correct
I'll _____ AwayFly
53.2%
News_____Radio
39%
_____ in the CityCaroline
30.6%
_____: Life on the StreetHomicide
27.8%
_____ CommonBoston
22.6%
_____Quest DSVSea
21.7%
Third _____Watch
20.6%
_____ So RightSomething
8.5%
Sunset _____Beach
8.4%
Earth _____2
3.6%
_____ SquareUnion
1.8%
_____ TimeHang
1.8%

Today's Daily Dose

You're not logged in!

Compare scores with friends on all Sporcle quizzes.
OR
Log In

You Might Also Like...

Show Comments

Extras

Top Quizzes Today


Score Distribution

Your Account Isn't Verified!

In order to create a playlist on Sporcle, you need to verify the email address you used during registration. Go to your Sporcle Settings to finish the process.

Report this User

Report this user for behavior that violates our Community Guidelines.

Details: